[Event "Madrid ch 2016/2017 - Previa B"]
[Site "Madrid ESP"]
[Date "2017.02.03"]
[Round "2.8"]
[White "Peña Marina, Jose Maria"]
[Black "Fernandez Garcia, Emiliano"]
[Result "1/2-1/2"]
[WhiteElo "1762"]
[BlackElo "1541"]
[PlyCount "183"]
[EventDate "2017.02.02"]
[EventType "swiss"]
[EventRounds "9"]
[EventCountry "ESP"]
[SourceTitle "Ajedrez en Madrid"]
[Source "lmi"]
[SourceDate "2017.02.02"]

1. c4 Nf6 2. Nc3 e6 3. Nf3 b6 4. g3 Bb7 5. Bg2 Bb4 6. O-O O-O 7. a3 Bxc3 8.
bxc3 c5 9. d4 d6 10. Bb2 Nc6 11. Nd2 Rb8 12. e4 e5 13. d5 Na5 14. Re1 Ba6 15.
Bf1 Nd7 16. a4 f5 17. f3 f4 18. g4 Qh4 19. Qe2 Rf6 20. Qf2 Rh6 21. Qxh4 Rxh4
22. Bd3 Rf8 23. Re2 Rf6 24. Rg2 Rg6 25. Rf1 Rg5 26. Rff2 Nf6 27. Kf1 Bc8 28.
Ke1 h5 29. gxh5 Rgxh5 30. Nf1 Bh3 31. Be2 Bxg2 32. Rxg2 Nb7 33. Bc1 Nd8 34. Bd2
Nf7 35. Kf2 Rg5 36. Be1 Rxg2+ 37. Kxg2 Rh5 38. h4 Nh8 39. Nh2 Ng6 40. Kh3 Nh7
41. Kg4 Nf6+ 42. Kh3 Kh7 43. Ng4 Kg8 44. Nxf6+ gxf6 45. Kg4 Rh6 46. Bf1 Kf7 47.
Bh3 Ne7 48. h5 Rh7 49. Bf2 Rg7+ 50. Kh4 Ng8 51. Bg4 Nh6 52. Kh3 Nxg4 53. fxg4
Rh7 54. Kh4 Kg7 55. Be1 Kh6 56. Bf2 Kg7 57. Be1 Kf7 58. Bf2 Ke7 59. Kh3 Kd7 60.
Kg2 Kc7 61. Bh4 Rh6 62. Kf3 Kb7 63. Bxf6 Rxf6 64. g5 Rf7 65. g6 Rg7 66. Kg4 Ka6
67. Kg5 f3 68. h6 Rxg6+ 69. Kxg6 f2 70. h7 f1=Q 71. h8=Q Qg2+ 72. Kf6 Qxe4 73.
Qc8+ Ka5 74. Qc6 Qxc4 75. Qxd6 e4 76. Qe5 e3 77. d6 e2 78. d7 Qh4+ 79. Qg5
Qxg5+ 80. Kxg5 e1=Q 81. d8=Q Qe5+ 82. Kg6 Qxc3 83. Qd7 Qg3+ 84. Kh5 Qf3+ 85.
Kg6 Qe4+ 86. Kh5 Qxa4 87. Qxa7+ Kb4 88. Qxb6+ Qb5 89. Qd6 Qe2+ 90. Kg5 Qe3+ 91.
Kf5 Qf3+ 92. Kg5 1/2-1/2

[Event "Madrid ch 2016/2017 - Previa B"]
[Site "Madrid ESP"]
[Date "2017.02.03"]
[Round "2.9"]
[White "Osuna Osuna, Francisco"]
[Black "Ochoa Gonzalez, Hugo"]
[Result "0-1"]
[WhiteElo "1588"]
[BlackElo "1422"]
[PlyCount "76"]
[EventDate "2017.02.02"]
[EventType "swiss"]
[EventRounds "9"]
[EventCountry "ESP"]
[SourceTitle "Ajedrez en Madrid"]
[Source "lmi"]
[SourceDate "2017.02.02"]

1. e4 c5 2. Nc3 Nc6 3. f4 e6 4. Nf3 Nge7 5. Bc4 d5 6. Bb3 d4 7. Na4 Ng6 8. d3
b5 9. Nxc5 Bxc5 10. O-O O-O 11. f5 Nge5 12. Nxe5 Nxe5 13. fxe6 Bxe6 14. Bxe6
fxe6 15. Bf4 Ng6 16. Qg4 Nxf4 17. Rxf4 Rxf4 18. Qxf4 Bd6 19. e5 Qf8 20. Qg4 Bc7
21. Qxe6+ Qf7 22. Qc6 Rf8 23. Qf3 Qxf3 24. gxf3 Rxf3 25. Re1 Re3 26. Rf1 Rxe5
27. h3 Rg5+ 28. Kh1 Rg3 29. Re1 Rxh3+ 30. Kg2 Re3 31. Rc1 h5 32. c3 h4 33. cxd4
Bg3 34. Rc8+ Kf7 35. Ra8 Re2+ 36. Kh1 h3 37. Rxa7+ Kg6 38. Ra6+ Kh7 0-1

[Event "Madrid ch 2016/2017 - Previa B"]
[Site "Madrid ESP"]
[Date "2017.02.03"]
[Round "2.10"]
[White "Vazquez Gonzalez, Jesus"]
[Black "Molina Garcia, Francisco J"]
[Result "1-0"]
[WhiteElo "1911"]
[BlackElo "1965"]
[PlyCount "61"]
[EventDate "2017.02.02"]
[EventType "swiss"]
[EventRounds "9"]
[EventCountry "ESP"]
[SourceTitle "Ajedrez en Madrid"]
[Source "lmi"]
[SourceDate "2017.02.02"]

1. e4 c5 2. Nc3 Nc6 3. a3 e6 4. Nf3 a6 5. d4 cxd4 6. Nxd4 Qc7 7. Be2 Nf6 8. O-O
Be7 9. Be3 O-O 10. f4 d6 11. Kh1 Bd7 12. Qe1 Nxd4 13. Bxd4 Bc6 14. Qg3 g6 15.
Bf3 Rfd8 16. Rae1 Nd7 17. f5 e5 18. Be3 b5 19. fxg6 hxg6 20. Bh5 Nf8 21. Bh6 d5
22. exd5 Be8 23. Bf3 Rac8 24. Qxe5 Qxe5 25. Rxe5 Bxa3 26. Bg5 Rd7 27. bxa3 f6
28. Bxf6 Rdc7 29. d6 Rf7 30. Bd5 Rxc3 31. Rxe8 1-0

[Event "Madrid ch 2016/2017 - Previa B"]
[Site "Madrid ESP"]
[Date "2017.02.03"]
[Round "2.11"]
[White "Del Noval Nemeshazi, Nesztor"]
[Black "Benitez Cadenas, Luis Miguel"]
[Result "1-0"]
[WhiteElo "1878"]
[BlackElo "1572"]
[PlyCount "93"]
[EventDate "2017.02.02"]
[EventType "swiss"]
[EventRounds "9"]
[EventCountry "ESP"]
[SourceTitle "Ajedrez en Madrid"]
[Source "lmi"]
[SourceDate "2017.02.02"]

1. e4 e6 2. d4 d5 3. Nc3 dxe4 4. Nxe4 Bd7 5. Nf3 Bc6 6. Bd3 Nd7 7. Qe2 Ngf6 8.
Bg5 Be7 9. O-O-O Bxe4 10. Bxe4 Nxe4 11. Bxe7 Qxe7 12. Qxe4 c6 13. h4 O-O-O 14.
g3 Nf6 15. Qe2 Qb4 16. Rd3 Qb5 17. Rhd1 h6 18. Ne5 Rhf8 19. c4 Qb6 20. Rb3 Qc7
21. c5 Rd5 22. Nc4 Ne8 23. a4 Qd8 24. Qe3 g5 25. h5 Nf6 26. Nd6+ Rxd6 27. cxd6
Qxd6 28. d5 exd5 29. Qxa7 Qb8 30. Qc5 Re8 31. a5 Nd7 32. Qc3 Qa7 33. Rxd5 Qxf2
34. Rxd7 Kxd7 35. Rxb7+ Kd6 36. Qd2+ Qxd2+ 37. Kxd2 f5 38. Rh7 c5 39. Rxh6+ Ke5
40. Rg6 Rh8 41. Rxg5 Ke4 42. a6 Rh6 43. a7 Ra6 44. Rg7 Ke5 45. h6 Kf6 46. Rb7
Rd6+ 47. Kc2 1-0

[Event "Madrid ch 2016/2017 - Previa B"]
[Site "Madrid ESP"]
[Date "2017.02.03"]
[Round "2.12"]
[White "Cortijo Manso, Luis"]
[Black "Cuellar Gutierrez, Raul"]
[Result "0-1"]
[WhiteElo "1518"]
[BlackElo "1835"]
[PlyCount "82"]
[EventDate "2017.02.02"]
[EventType "swiss"]
[EventRounds "9"]
[EventCountry "ESP"]
[SourceTitle "Ajedrez en Madrid"]
[Source "lmi"]
[SourceDate "2017.02.02"]

1. Nf3 Nf6 2. c4 g6 3. g3 c6 4. Bg2 e6 5. Nc3 d5 6. cxd5 exd5 7. O-O Bg7 8. d4
O-O 9. Bg5 Bf5 10. Qb3 Qc8 11. Rfe1 Nbd7 12. Nd2 Be6 13. Qd1 Re8 14. e4 dxe4
15. Ndxe4 Nxe4 16. Nxe4 Qc7 17. Bf4 Qb6 18. Be3 Bd5 19. Nd6 Re6 20. Bxd5 cxd5
21. Nxf7 Kxf7 22. Qf3+ Nf6 23. b3 Rae8 24. Rac1 Kg8 25. Rc2 Ne4 26. Rec1 Rc6
27. Qg4 Rxc2 28. Rxc2 Nf6 29. Qe2 Qd6 30. Qf1 Qd7 31. Bf4 Rc8 32. Re2 Ne4 33.
Be5 Qf5 34. f3 Bxe5 35. dxe5 Ng5 36. g4 Nxf3+ 37. Kh1 Qxg4 38. e6 Re8 39. e7
Ng5 40. Rf2 Qe4+ 41. Kg1 Qxe7 0-1

[Event "Madrid ch 2016/2017 - Previa B"]
[Site "Madrid ESP"]
[Date "2017.02.03"]
[Round "2.13"]
[White "Baeza Escudero, Javier"]
[Black "Ojosnegros Martin, Angel"]
[Result "1/2-1/2"]
[WhiteElo "1821"]
[BlackElo "1516"]
[PlyCount "113"]
[EventDate "2017.02.02"]
[EventType "swiss"]
[EventRounds "9"]
[EventCountry "ESP"]
[SourceTitle "Ajedrez en Madrid"]
[Source "lmi"]
[SourceDate "2017.02.02"]

1. d4 Nf6 2. Nf3 e6 3. e3 d5 4. Bd3 b6 5. O-O Bb7 6. b3 Nbd7 7. c4 Be7 8. Bb2
O-O 9. Nbd2 Ne4 10. Qe2 Nxd2 11. Nxd2 Nf6 12. Rac1 c5 13. Rfd1 a6 14. Bb1 Re8
15. Nf3 Bf8 16. Ne5 g6 17. Qf3 cxd4 18. Rxd4 Bg7 19. Rdd1 Qe7 20. cxd5 exd5 21.
Nc6 Qe6 22. Nd4 Qe5 23. Qg3 Qxg3 24. hxg3 Rac8 25. Nf3 b5 26. a3 Red8 27. b4
Nd7 28. Bxg7 Kxg7 29. Ba2 Nb6 30. Ne1 Rxc1 31. Rxc1 Nc4 32. Rc3 d4 33. Rd3 Be4
34. Rxd4 Rxd4 35. exd4 Nxa3 36. f3 Bf5 37. g4 Bd7 38. Kf2 Nc4 39. Nd3 Kf6 40.
Kg3 Ne3 41. Nc5 Bc8 42. Bb3 h5 43. Ne4+ Kg7 44. d5 hxg4 45. fxg4 Kf8 46. g5
Nf5+ 47. Kf4 Ke7 48. d6+ Nxd6 49. Nxd6 Kxd6 50. Bxf7 Bf5 51. Bb3 Kc7 52. Ke5
Kb6 53. Kd6 a5 54. bxa5+ Kxa5 55. Kc5 b4 56. g3 Bb1 57. Kc6 1/2-1/2

[Event "Madrid ch 2016/2017 - Previa B"]
[Site "Madrid ESP"]
[Date "2017.02.03"]
[Round "2.14"]
[White "Pareja Cerrato, Antonio"]
[Black "Lopez Martinez, Antonio"]
[Result "1-0"]
[WhiteElo "1509"]
[BlackElo "1648"]
[PlyCount "31"]
[EventDate "2017.02.02"]
[EventType "swiss"]
[EventRounds "9"]
[EventCountry "ESP"]
[SourceTitle "Ajedrez en Madrid"]
[Source "lmi"]
[SourceDate "2017.02.02"]

1. e4 e5 2. Nf3 d6 3. Nc3 c6 4. d4 Nd7 5. dxe5 dxe5 6. Bc4 Be7 7. Be3 Ngf6 8.
Qd2 O-O 9. h3 b5 10. Bb3 b4 11. Ne2 Nxe4 12. Qd3 Nec5 13. Bxc5 Bxc5 14. O-O-O
Qc7 15. Ng5 h6 16. Qh7# 1-0

[Event "Madrid ch 2016/2017 - Previa B"]
[Site "Madrid ESP"]
[Date "2017.02.03"]
[Round "2.15"]
[White "Moro Serrano, Federico"]
[Black "Alameda Arellano, Cristeto"]
[Result "0-1"]
[WhiteElo "1626"]
[BlackElo "1507"]
[PlyCount "84"]
[EventDate "2017.02.02"]
[EventType "swiss"]
[EventRounds "9"]
[EventCountry "ESP"]
[SourceTitle "Ajedrez en Madrid"]
[Source "lmi"]
[SourceDate "2017.02.02"]

1. e4 c6 2. d4 d5 3. e5 c5 4. c3 Bf5 5. Bd3 Bxd3 6. Qxd3 e6 7. Ne2 Nc6 8. Nd2
Nge7 9. O-O Nf5 10. Nf3 Be7 11. Re1 Qb6 12. Rb1 cxd4 13. cxd4 Rc8 14. a3 O-O
15. g4 Nh4 16. Nxh4 Bxh4 17. Bf4 f6 18. exf6 Bxf6 19. Be3 Qc7 20. Nf4 Qd7 21.
f3 Bg5 22. Nxe6 Rxf3 23. Nxg5 Qxg4+ 24. Kh1 Qxg5 25. Qxh7+ Kxh7 26. Bxg5 Nxd4
27. Rbd1 Rf5 28. Rxd4 Rxg5 29. Rd2 Kg6 30. Rg1 Rd8 31. Rgg2 d4 32. Kg1 Rxg2+
33. Kxg2 Kf5 34. Kf3 g5 35. h3 Rd7 36. a4 a5 37. Rd3 Ke5 38. Kg4 Ke4 39. Rd1
Ke3 40. Kxg5 Ke2 41. Rh1 d3 42. Rh2+ Ke3 0-1

[Event "Madrid ch 2016/2017 - Previa B"]
[Site "Madrid ESP"]
[Date "2017.02.03"]
[Round "2.16"]
[White "Olmos Rodriguez, Arcadio"]
[Black "Dominguez Afonso, Ayraldo"]
[Result "0-1"]
[WhiteElo "1480"]
[BlackElo "1595"]
[PlyCount "120"]
[EventDate "2017.02.02"]
[EventType "swiss"]
[EventRounds "9"]
[EventCountry "ESP"]
[SourceTitle "Ajedrez en Madrid"]
[Source "lmi"]
[SourceDate "2017.02.02"]

1. c4 e5 2. g3 Nf6 3. Bg2 d5 4. cxd5 Nxd5 5. Nc3 Nb6 6. d3 Nc6 7. Nf3 f6 8. O-O
Be6 9. Be3 Qd7 10. a3 Bh3 11. Bxh3 Qxh3 12. b4 O-O-O 13. Rc1 h5 14. Nb5 Kb8 15.
Bxb6 axb6 16. Qa4 Bd6 17. Rxc6 bxc6 18. Qa7+ Kc8 19. Nxd6+ cxd6 20. Rc1 c5 21.
Qxb6 Kd7 22. bxc5 Ke7 23. cxd6+ Rxd6 24. Rc7+ Rd7 25. Rxd7+ Qxd7 26. d4 exd4
27. Nxd4 Rc8 28. Qb4+ Kf7 29. e3 Qd5 30. Kf1 Qc4+ 31. Qxc4+ Rxc4 32. Kg2 Rc3
33. Nb5 Rb3 34. a4 Rb4 35. Nc3 Ke6 36. f4 Rb3 37. Nb5 Rxe3 38. Nd4+ Kf7 39. a5
Ra3 40. Nc6 Ke8 41. Kh3 Kd7 42. Nb8+ Kc7 43. Na6+ Kc6 44. Nb4+ Kb5 45. Nc2 Rxa5
46. g4 Ra4 47. Kg3 h4+ 48. Kf3 Ra2 49. Nd4+ Kc4 50. Nf5 Rxh2 51. Nxg7 Rh3+ 52.
Kg2 Rg3+ 53. Kh2 Rxg4 54. Nf5 Rxf4 55. Ne3+ Kd3 56. Ng2 Rf2 57. Kh3 Rxg2 58.
Kxg2 Ke3 59. Kh3 f5 60. Kxh4 f4 0-1

[Event "Madrid ch 2016/2017 - Previa B"]
[Site "Madrid ESP"]
[Date "2017.02.03"]
[Round "2.17"]
[White "Perdiguero Herreros, Alejandro"]
[Black "Rodriguez Torres, Manuel"]
[Result "0-1"]
[WhiteElo "1409"]
[BlackElo "1588"]
[PlyCount "52"]
[EventDate "2017.02.02"]
[EventType "swiss"]
[EventRounds "9"]
[EventCountry "ESP"]
[SourceTitle "Ajedrez en Madrid"]
[Source "lmi"]
[SourceDate "2017.02.02"]

1. e4 c5 2. Nf3 Nc6 3. Bc4 Nf6 4. d3 e6 5. Nc3 Be7 6. Bf4 O-O 7. O-O d5 8. exd5
exd5 9. Bb3 Bg4 10. Kh1 Nd4 11. Be5 Nxf3 12. gxf3 Be6 13. Rg1 Bd6 14. Bxf6 Qxf6
15. Bxd5 Qh4 16. Rg3 Bxg3 17. fxg3 Qf6 18. Ne4 Qf5 19. Bb3 Rfd8 20. Qe2 Bxb3
21. axb3 Re8 22. f4 Qd5 23. Rxa7 Rxa7 24. Kg1 Raa8 25. Qg4 Rxe4 26. dxe4 Qd2
0-1

[Event "Madrid ch 2016/2017 - Previa B"]
[Site "Madrid ESP"]
[Date "2017.02.03"]
[Round "2.18"]
[White "Ghavami, Mahmoud"]
[Black "Martinez Pascual, Gonzalo"]
[Result "1-0"]
[WhiteElo "1586"]
[BlackElo "1493"]
[PlyCount "107"]
[EventDate "2017.02.02"]
[EventType "swiss"]
[EventRounds "9"]
[EventCountry "ESP"]
[SourceTitle "Ajedrez en Madrid"]
[Source "lmi"]
[SourceDate "2017.02.02"]

1. d4 d5 2. Bf4 Nf6 3. Nf3 Bg4 4. e3 e6 5. Nbd2 Bd6 6. Bg5 c5 7. c3 Nbd7 8. Qb3
Qb6 9. dxc5 Bxc5 10. Be2 Qxb3 11. axb3 Bxf3 12. Nxf3 Ne4 13. Bh4 O-O 14. Nd2
Nxd2 15. Kxd2 Bb6 16. b4 Rac8 17. Bb5 Rc7 18. Be7 Rfc8 19. Bd6 Nf6 20. f3 Rc6
21. Bxc6 bxc6 22. Bc5 Nd7 23. Bxb6 axb6 24. Ra7 Ne5 25. b3 g6 26. Rha1 c5 27.
b5 c4 28. b4 Rd8 29. Ra8 Rxa8 30. Rxa8+ Kg7 31. Rb8 f5 32. Rxb6 Kf6 33. Rb7 h5
34. b6 Nc6 35. Ra7 Ke5 36. f4+ Kd6 37. Rg7 Nd8 38. Rxg6 Kc6 39. Rg8 Nb7 40. Rh8
Kxb6 41. Rxh5 Nd6 42. Rh6 Ne4+ 43. Kc2 Kb5 44. Rxe6 Ka4 45. Rxe4 dxe4 46. h4
Kb5 47. h5 Kc6 48. h6 Kd5 49. h7 Kc6 50. Kb2 Kd5 51. Ka3 Ke6 52. b5 Kf7 53.
h8=Q Kg6 54. b6 1-0

[Event "Madrid ch 2016/2017 - Previa B"]
[Site "Madrid ESP"]
[Date "2017.02.04"]
[Round "3.1"]
[White "Barragan Arriaza, Pablo"]
[Black "Garcia Prados, David"]
[Result "1/2-1/2"]
[WhiteElo "1813"]
[BlackElo "1928"]
[PlyCount "99"]
[EventDate "2017.02.02"]
[EventType "swiss"]
[EventRounds "9"]
[EventCountry "ESP"]
[SourceTitle "Ajedrez en Madrid"]
[Source "lmi"]
[SourceDate "2017.02.02"]

1. c4 e5 2. g3 Nf6 3. Bg2 d5 4. cxd5 Nxd5 5. Nc3 Be6 6. d3 Nc6 7. Nf3 Be7 8.
O-O O-O 9. Bd2 Nb6 10. a3 f5 11. b4 a6 12. Na4 Nxa4 13. Qxa4 Bf6 14. Rad1 g5
15. Bc3 Qe7 16. Nd2 Rad8 17. Qc2 Qf7 18. Rb1 Rd6 19. Nb3 b6 20. Ba1 Bd5 21.
Bxd5 Qxd5 22. Rbc1 Rf7 23. Qc4 Qxc4 24. Rxc4 Nd4 25. Nxd4 exd4 26. Rfc1 Rdd7
27. a4 Rfe7 28. R1c2 Be5 29. Bb2 Re6 30. b5 axb5 31. axb5 f4 32. Kg2 fxg3 33.
hxg3 Rd5 34. Rb4 h5 35. Rcc4 Bd6 36. Rb3 Bc5 37. Ba3 Rxe2 38. Bxc5 bxc5 39. Kf3
Re1 40. Rc2 Rf5+ 41. Kg2 g4 42. b6 cxb6 43. Rxb6 Rd1 44. Rb5 Rxd3 45. Rcxc5
Rff3 46. Rxh5 Rd2 47. Rbg5+ Kf7 48. Rf5+ Kg6 49. Rhg5+ Kh6 50. Rh5+ 1/2-1/2

[Event "Madrid ch 2016/2017 - Previa B"]
[Site "Madrid ESP"]
[Date "2017.02.04"]
[Round "3.2"]
[White "Marin Aso, Jose Luis"]
[Black "Fernandez Estremera, Fernando"]
[Result "1-0"]
[WhiteElo "1882"]
[BlackElo "1793"]
[PlyCount "49"]
[EventDate "2017.02.02"]
[EventType "swiss"]
[EventRounds "9"]
[EventCountry "ESP"]
[SourceTitle "Ajedrez en Madrid"]
[Source "lmi"]
[SourceDate "2017.02.02"]

1. e4 c5 2. Nf3 e6 3. d4 cxd4 4. Nxd4 a6 5. Nc3 b5 6. Bd3 Qb6 7. Nb3 Bb7 8. Be3
Qc7 9. O-O Nf6 10. a3 Be7 11. Qe2 O-O 12. f4 Bxa3 13. Rxa3 b4 14. Ra5 bxc3 15.
Bd4 Nc6 16. Bxf6 Nxa5 17. Qg4 g6 18. Qg5 e5 19. fxe5 Qb6+ 20. Kh1 Qxf6 21. exf6
Kh8 22. Qh6 Rg8 23. Rf3 cxb2 24. Qxh7+ Kxh7 25. Rh3# 1-0

[Event "Madrid ch 2016/2017 - Previa B"]
[Site "Madrid ESP"]
[Date "2017.02.04"]
[Round "3.3"]
[White "Tarrio Ocaña, Jose Manuel"]
[Black "Garcia Serrano, Jose M"]
[Result "1-0"]
[WhiteElo "1785"]
[BlackElo "1859"]
[PlyCount "95"]
[EventDate "2017.02.02"]
[EventType "swiss"]
[EventRounds "9"]
[EventCountry "ESP"]
[SourceTitle "Ajedrez en Madrid"]
[Source "lmi"]
[SourceDate "2017.02.02"]

1. e4 e5 2. Bc4 Nf6 3. d3 Nc6 4. Nf3 h6 5. c3 a5 6. Nbd2 Bc5 7. Bb5 Qe7 8. O-O
Na7 9. Bc4 d6 10. d4 Bb6 11. Bb3 Bg4 12. Nc4 O-O-O 13. Nxb6+ cxb6 14. Re1 Nh7
15. Qd3 Bxf3 16. Qxf3 exd4 17. cxd4 Nc6 18. Be3 Ng5 19. Qf5+ Qd7 20. Qb5 Qg4
21. Bxg5 hxg5 22. Rac1 Kb8 23. Qxb6 Rxh2 24. Kxh2 Rh8+ 25. Kg1 Qh4 26. Kf1 Qg4
27. f3 Qg3 28. Ke2 Qxg2+ 29. Ke3 g4 30. Re2 Qxf3+ 31. Kd2 Rc8 32. Rc3 Qf4+ 33.
Ke1 Rh8 34. Rf2 Rh1+ 35. Ke2 Qxe4+ 36. Re3 Nxd4+ 37. Kd2 Nxb3+ 38. Qxb3 Qd4+
39. Ke2 Qc5 40. Qc3 Qd5 41. Re8+ Ka7 42. Qe3+ b6 43. Re7+ Ka6 44. Qd3+ Qxd3+
45. Kxd3 Rd1+ 46. Kc2 Rh1 47. Rexf7 g3 48. Rg2 1-0

[Event "Madrid ch 2016/2017 - Previa B"]
[Site "Madrid ESP"]
[Date "2017.02.04"]
[Round "3.4"]
[White "Fernandez Garcia, Emiliano"]
[Black "Vazquez Gonzalez, Francisco"]
[Result "0-1"]
[WhiteElo "1541"]
[BlackElo "1943"]
[PlyCount "134"]
[EventDate "2017.02.02"]
[EventType "swiss"]
[EventRounds "9"]
[EventCountry "ESP"]
[SourceTitle "Ajedrez en Madrid"]
[Source "lmi"]
[SourceDate "2017.02.02"]

1. d4 d6 2. c4 e5 3. dxe5 dxe5 4. Qxd8+ Kxd8 5. e4 c6 6. Nf3 f6 7. Be2 Be6 8.
O-O Nd7 9. Rd1 Kc7 10. a3 Nc5 11. Nc3 Nb3 12. Ra2 Bc5 13. Nd2 Nd4 14. b4 Be7
15. Ra1 Nh6 16. h3 g5 17. g4 Nf7 18. Bb2 h5 19. Kg2 Nxe2 20. Nxe2 hxg4 21. hxg4
Bxg4 22. f3 Bh3+ 23. Kg3 Be6 24. Rh1 Rad8 25. Bc3 Nd6 26. Rxh8 Rxh8 27. c5 Nb5
28. a4 Nxc3 29. Nxc3 a5 30. bxa5 Bxc5 31. Rb1 Rd8 32. Nb3 Bb4 33. Ne2 Bxb3 34.
Rxb3 Bxa5 35. Kg4 Rd2 36. Nc3 Rc2 37. Nd1 Rc4 38. Kf5 Rxa4 39. Kxf6 b5 40. Kxe5
c5 41. Rxb5 Kc6 42. Rb1 Bd2 43. Rb2 Bf4+ 44. Ke6 Ra3 45. Rf2 c4 46. e5 c3 47.
Kf6 Bd2 48. Nxc3 Bxc3 49. Kf5 Kd7 50. e6+ Ke7 51. Re2 Ra5+ 52. Kg6 Bf6 53. Re3
Ra6 54. Kf5 Ra5+ 55. Kg4 Rb5 56. Re4 Rb8 57. Kf5 Rb5+ 58. Kg6 Rb3 59. f4 gxf4
60. Rxf4 Rg3+ 61. Kh5 Kxe6 62. Rg4 Re3 63. Kh6 Be5 64. Rg2 Rf3 65. Rg4 Rf8 66.
Kh7 Kf7 67. Kh6 Bf6 0-1

[Event "Madrid ch 2016/2017 - Previa B"]
[Site "Madrid ESP"]
[Date "2017.02.04"]
[Round "3.5"]
[White "Ocaña Lameiro, Oliver"]
[Black "Ingunza Curro, Andres"]
[Result "1-0"]
[WhiteElo "1982"]
[BlackElo "1670"]
[PlyCount "117"]
[EventDate "2017.02.02"]
[EventType "swiss"]
[EventRounds "9"]
[EventCountry "ESP"]
[SourceTitle "Ajedrez en Madrid"]
[Source "lmi"]
[SourceDate "2017.02.02"]

1. c4 e5 2. Nc3 Nc6 3. Nf3 d6 4. d4 exd4 5. Nxd4 g6 6. e3 Bg7 7. Be2 Nge7 8.
O-O O-O 9. Nf3 h6 10. Qd2 Be6 11. Rd1 Ne5 12. b3 f5 13. Bb2 a6 14. Nd4 Bd7 15.
f4 N5c6 16. Bf3 Nxd4 17. exd4 Bc6 18. d5 Bd7 19. a4 Kh7 20. a5 Ng8 21. Ne2 Nf6
22. Nd4 Re8 23. Re1 Re7 24. Rxe7 Qxe7 25. Re1 Ne4 26. Bxe4 fxe4 27. Ne6 Bxe6
28. Rxe4 Re8 29. Rxe6 Qf7 30. Bxg7 Kxg7 31. Qd4+ Kg8 32. Qe4 Rxe6 33. Qxe6 Qxe6
34. dxe6 h5 35. h3 h4 36. Kf2 Kg7 37. Kf3 Kf6 38. Kg4 Kxe6 39. Kxh4 Kf5 40. Kg3
c6 41. Kf3 Ke6 42. g4 Kf6 43. Ke4 g5 44. b4 Kg6 45. fxg5 Kxg5 46. Kf3 Kf6 47.
h4 Kg6 48. Kf4 Kf6 49. g5+ Kg6 50. Kg4 d5 51. cxd5 cxd5 52. h5+ Kf7 53. Kf5 Kg7
54. Ke5 Kf7 55. Kxd5 Kg7 56. h6+ Kh7 57. Kc5 Kg6 58. Kb6 Kf7 59. Kxb7 1-0

[Event "Madrid ch 2016/2017 - Previa B"]
[Site "Madrid ESP"]
[Date "2017.02.04"]
[Round "3.6"]
[White "Morera Rodriguez, Ignacio"]
[Black "Ghavami, Mahmoud"]
[Result "1-0"]
[WhiteElo "1972"]
[BlackElo "1586"]
[PlyCount "63"]
[EventDate "2017.02.02"]
[EventType "swiss"]
[EventRounds "9"]
[EventCountry "ESP"]
[SourceTitle "Ajedrez en Madrid"]
[Source "lmi"]
[SourceDate "2017.02.02"]

1. d4 Nf6 2. c4 e6 3. Nf3 b6 4. g3 Bb7 5. Bg2 Be7 6. O-O O-O 7. Nc3 d5 8. Ne5
c6 9. b3 Qc7 10. Bb2 Rd8 11. cxd5 exd5 12. Rc1 Nbd7 13. Nxc6 Bxc6 14. Nxd5 Nxd5
15. Bxd5 Nb8 16. Bxc6 Nxc6 17. d5 Qb8 18. Rxc6 Rd6 19. Rxd6 Qxd6 20. e4 Qg6 21.
e5 Rd8 22. d6 Bxd6 23. exd6 Rxd6 24. Qf3 h5 25. Re1 Rd3 26. Re8+ Kh7 27. Qa8
Qd6 28. Qe4+ Qg6 29. Qa8 Qd6 30. Rh8+ Kg6 31. Qe4+ f5 32. Qe8+ 1-0

[Event "Madrid ch 2016/2017 - Previa B"]
[Site "Madrid ESP"]
[Date "2017.02.04"]
[Round "3.7"]
[White "Dominguez Afonso, Ayraldo"]
[Black "Martin Hernandez, Vicente"]
[Result "1-0"]
[WhiteElo "1595"]
[BlackElo "1941"]
[PlyCount "79"]
[EventDate "2017.02.02"]
[EventType "swiss"]
[EventRounds "9"]
[EventCountry "ESP"]
[SourceTitle "Ajedrez en Madrid"]
[Source "lmi"]
[SourceDate "2017.02.02"]

1. e4 c5 2. Nf3 d6 3. d4 cxd4 4. Nxd4 Nf6 5. Nc3 a6 6. f3 e5 7. Nb3 Be6 8. Bg5
Be7 9. Bxf6 Bxf6 10. Nd5 Bxd5 11. Qxd5 Nc6 12. Bc4 Qc7 13. Qd2 O-O 14. O-O Rac8
15. c3 b5 16. Bd5 Ne7 17. Rad1 Rfd8 18. Qe3 Ng6 19. g3 h6 20. Nd2 Bg5 21. Qf2
a5 22. a3 b4 23. axb4 axb4 24. Rc1 bxc3 25. Rxc3 Qa5 26. Nc4 Qb4 27. Qa7 Ne7
28. Qb7 Nxd5 29. Qxd5 Rc5 30. Qd3 Rdc8 31. b3 Ra8 32. h4 Bd8 33. Rfc1 Bb6 34.
Kh1 Ra2 35. R3c2 Rxc2 36. Rxc2 Qe1+ 37. Kg2 Rxc4 38. Qxc4 Qg1+ 39. Kh3 Bf2 40.
Qc8+ 1-0

[Event "Madrid ch 2016/2017 - Previa B"]
[Site "Madrid ESP"]
[Date "2017.02.04"]
[Round "3.8"]
[White "Anton Quevedo, Andrea"]
[Black "Pareja Cerrato, Antonio"]
[Result "1-0"]
[WhiteElo "1922"]
[BlackElo "1509"]
[PlyCount "47"]
[EventDate "2017.02.02"]
[EventType "swiss"]
[EventRounds "9"]
[EventCountry "ESP"]
[SourceTitle "Ajedrez en Madrid"]
[Source "lmi"]
[SourceDate "2017.02.02"]

1. e4 c6 2. d4 d5 3. Nc3 dxe4 4. Nxe4 Bf5 5. Ng3 Bg6 6. Nf3 Nd7 7. Bd3 Bxd3 8.
Qxd3 Qc7 9. O-O Ngf6 10. c4 e6 11. Re1 Be7 12. Bd2 O-O 13. Rac1 Bd6 14. b4 Bf4
15. d5 Bxd2 16. Qxd2 exd5 17. cxd5 c5 18. bxc5 Nxc5 19. Nf5 Rfe8 20. Rxe8+ Rxe8
21. Qg5 g6 22. d6 Qa5 23. Ne7+ Kh8 24. Qxf6# 1-0

[Event "Madrid ch 2016/2017 - Previa B"]
[Site "Madrid ESP"]
[Date "2017.02.04"]
[Round "3.9"]
[White "Rodriguez Torres, Manuel"]
[Black "Vazquez Gonzalez, Jesus"]
[Result "0-1"]
[WhiteElo "1588"]
[BlackElo "1911"]
[PlyCount "58"]
[EventDate "2017.02.02"]
[EventType "swiss"]
[EventRounds "9"]
[EventCountry "ESP"]
[SourceTitle "Ajedrez en Madrid"]
[Source "lmi"]
[SourceDate "2017.02.02"]

1. e4 e6 2. d4 a6 3. Nf3 c5 4. Bc4 b5 5. Bd3 Bb7 6. c3 d5 7. e5 cxd4 8. cxd4
Nc6 9. O-O Qb6 10. Be3 Nge7 11. a3 g6 12. Qd2 Bg7 13. g4 h5 14. h3 hxg4 15.
hxg4 Na5 16. Bc2 Nc4 17. Qc1 Rc8 18. Nc3 Qc6 19. Bd2 Kd7 20. Kg2 f6 21. Re1
fxe5 22. dxe5 Qc7 23. Nd4 Bxe5 24. Nxe6 Rh2+ 25. Kf1 Qb6 26. Be3 Qxe6 27. Qd1
Nxe3+ 28. Rxe3 Rh1+ 29. Ke2 Qxg4+ 0-1

[Event "Madrid ch 2016/2017 - Previa B"]
[Site "Madrid ESP"]
[Date "2017.02.04"]
[Round "3.10"]
[White "Alameda Arellano, Cristeto"]
[Black "Del Noval Nemeshazi, Nesztor"]
[Result "1-0"]
[WhiteElo "1507"]
[BlackElo "1878"]
[PlyCount "123"]
[EventDate "2017.02.02"]
[EventType "swiss"]
[EventRounds "9"]
[EventCountry "ESP"]
[SourceTitle "Ajedrez en Madrid"]
[Source "lmi"]
[SourceDate "2017.02.02"]

1. d4 Nf6 2. Bf4 g6 3. Nf3 Bg7 4. e3 O-O 5. Be2 d5 6. O-O Nh5 7. Bg5 h6 8. Bh4
g5 9. Nfd2 Nf6 10. Bg3 Bf5 11. h3 Re8 12. Nf3 Ne4 13. Bh2 Nd7 14. Nbd2 c5 15.
c3 Qb6 16. Qb3 Nxd2 17. Nxd2 c4 18. Qa3 e5 19. b3 exd4 20. cxd4 Bxd4 21. Rac1
Bxe3 22. fxe3 Qxe3+ 23. Kh1 Qxe2 24. Qb4 c3 25. Qxc3 Re3 26. Qd4 Bxh3 27. Qxd5
Bxg2+ 28. Qxg2 Qd3 29. Qxb7 Rae8 30. Rcd1 R3e7 31. Nc4 Qh3 32. Qf3 Qh4 33. Nd6
Re2 34. Qg3 Qxg3 35. Bxg3 R8e6 36. Rxf7 Rxd6 37. Rxd6 Kxf7 38. Rxd7+ Kg6 39.
Rxa7 Kf5 40. Rf7+ Kg4 41. Rf2 Re3 42. Bd6 Re1+ 43. Kh2 h5 44. Rg2+ Kf5 45. Rb2
h4 46. b4 Ke6 47. Bc5 Kd7 48. Kh3 Kc6 49. Bf2 Re4 50. a4 Rc4 51. b5+ Kb7 52. a5
Rc3+ 53. Kh2 Ra3 54. a6+ Ka8 55. a7 g4 56. Bc5 Rh3+ 57. Kg2 Rg3+ 58. Kf2 Rf3+
59. Ke2 h3 60. b6 Kb7 61. Ra2 Rf8 62. Bxf8 1-0